<?xml version="1.0" encoding="UTF-8"?>
<record
    xmlns:xsi="http://www.w3.org/2001/XMLSchema-instance"
    xsi:schemaLocation="http://www.loc.gov/MARC21/slim http://www.loc.gov/standards/marcxml/schema/MARC21slim.xsd"
    xmlns="http://www.loc.gov/MARC21/slim">

  <leader>00357nam a2200145Ia 4500</leader>
  <controlfield tag="008">150201s2006    xx            000 0 und d</controlfield>
  <datafield tag="082" ind1=" " ind2=" ">
    <subfield code="a">617.632</subfield>
    <subfield code="b">C2006N</subfield>
  </datafield>
  <datafield tag="100" ind1=" " ind2=" ">
    <subfield code="a">NEWMAN,MICHAL G.</subfield>
  </datafield>
  <datafield tag="245" ind1=" " ind2=" ">
    <subfield code="a">CLINICAL PERIODONTOLOGY</subfield>
  </datafield>
  <datafield tag="250" ind1=" " ind2=" ">
    <subfield code="a">10TH</subfield>
  </datafield>
  <datafield tag="260" ind1=" " ind2=" ">
    <subfield code="b">SAUNDERS</subfield>
    <subfield code="a">PHILADELPHIA</subfield>
    <subfield code="c">2006</subfield>
  </datafield>
  <datafield tag="300" ind1=" " ind2=" ">
    <subfield code="a">1-1286</subfield>
  </datafield>
  <datafield tag="650" ind1=" " ind2=" ">
    <subfield code="a">PERIODONTICS</subfield>
  </datafield>
  <datafield tag="942" ind1=" " ind2=" ">
    <subfield code="2">ddc</subfield>
    <subfield code="c">BK</subfield>
    <subfield code="0">75</subfield>
  </datafield>
  <datafield tag="952" ind1=" " ind2=" ">
    <subfield code="0">0</subfield>
    <subfield code="1">0</subfield>
    <subfield code="2">ddc</subfield>
    <subfield code="4">0</subfield>
    <subfield code="7">0</subfield>
    <subfield code="a">FD</subfield>
    <subfield code="b">FD</subfield>
    <subfield code="d">2007-10-31</subfield>
    <subfield code="e">U.B.S.DELHI</subfield>
    <subfield code="g">1650.00</subfield>
    <subfield code="h">1</subfield>
    <subfield code="i">SGTU</subfield>
    <subfield code="l">49</subfield>
    <subfield code="o">617.632 C2006N</subfield>
    <subfield code="p">FD4437</subfield>
    <subfield code="q">2026-06-03</subfield>
    <subfield code="r">2026-05-20 00:00:00</subfield>
    <subfield code="s">2026-05-20</subfield>
    <subfield code="w">2012-08-23</subfield>
    <subfield code="y">BK</subfield>
    <subfield code="k">709</subfield>
  </datafield>
  <datafield tag="952" ind1=" " ind2=" ">
    <subfield code="0">0</subfield>
    <subfield code="1">0</subfield>
    <subfield code="2">ddc</subfield>
    <subfield code="4">0</subfield>
    <subfield code="7">0</subfield>
    <subfield code="a">FD</subfield>
    <subfield code="b">FD</subfield>
    <subfield code="d">2007-10-31</subfield>
    <subfield code="e">U.B.S.DELHI</subfield>
    <subfield code="g">1650.00</subfield>
    <subfield code="h">1</subfield>
    <subfield code="i">SGTU</subfield>
    <subfield code="l">56</subfield>
    <subfield code="o">617.632 C2006N</subfield>
    <subfield code="p">FD4438</subfield>
    <subfield code="r">2025-11-22 00:00:00</subfield>
    <subfield code="s">2025-11-22</subfield>
    <subfield code="w">2012-08-23</subfield>
    <subfield code="y">BK</subfield>
    <subfield code="k">709</subfield>
  </datafield>
  <datafield tag="952" ind1=" " ind2=" ">
    <subfield code="0">0</subfield>
    <subfield code="1">0</subfield>
    <subfield code="2">ddc</subfield>
    <subfield code="4">0</subfield>
    <subfield code="7">0</subfield>
    <subfield code="a">FD</subfield>
    <subfield code="b">FD</subfield>
    <subfield code="d">2007-10-31</subfield>
    <subfield code="e">U.B.S.DELHI</subfield>
    <subfield code="g">1650.00</subfield>
    <subfield code="h">1</subfield>
    <subfield code="i">SGTU</subfield>
    <subfield code="l">41</subfield>
    <subfield code="m">1</subfield>
    <subfield code="o">617.632 C2006N</subfield>
    <subfield code="p">FD4439</subfield>
    <subfield code="r">2025-07-28 00:00:00</subfield>
    <subfield code="s">2025-06-30</subfield>
    <subfield code="w">2012-08-23</subfield>
    <subfield code="y">BK</subfield>
    <subfield code="k">709</subfield>
  </datafield>
  <datafield tag="999" ind1=" " ind2=" ">
    <subfield code="c">3678</subfield>
    <subfield code="d">3678</subfield>
  </datafield>
</record>
